[Event "Zuerich op"]
[Site "Zuerich"]
[Date "1989.??.??"]
[Round "?"]
[White "Ballmann, Martin"]
[Black "Ekstroem, Roland"]
[Result "1-0"]
[WhiteElo "2260"]
[BlackElo "2450"]

1.c4 e6 2.Nf3 d5 3.b3 f5 4.Bb2 Nf6 5.g3 Be7 6.Bg2 O-O 7.O-O Nc6 8.e3 a5 9.d3 Bd7
10.Nc3 Ra6 11.Nb5 Na7 12.Nxa7 Rxa7 13.a3 c6 14.Ne5 Be8 15.Bc3 Bh5 16.Qc2 Nd7
17.Nxd7 Qxd7 18.b4 axb4 19.axb4 Rfa8 20.c5 Qd8 21.Qb2 Bf6 22.Bxf6 Qxf6 23.d4 Qd8
24.Rxa7 Rxa7 25.Ra1 Rxa1+ 26.Qxa1 Be2 27.Qa2 Ba6 28.Bf3 g5 29.h3 Kg7 30.Bd1 Qf6
31.Qa5 Qe7 32.f4 gxf4 33.exf4 Bd3 34.Kf2 Kh6 35.Qa3 Be4 36.Be2 Qg7 37.Qc3 Qh8
38.Qa1 Qe8 39.Ke3 Qg8 40.g4 fxg4 41.hxg4 Qd8 42.Qe1 Kg7 43.Qg3 Qa8 44.Qh4 Kf7
45.f5 Qg8 46.fxe6+ Kxe6 47.g5 Qa8 48.Bg4+ Kf7 49.Qf2+ Ke8 50.Qf6 Qa3+ 51.Kf4 Qxb4
52.Qe6+  1-0

[Event "Zuerich op"]
[Site "Zuerich"]
[Date "1989.??.??"]
[Round "?"]
[White "Hirzel, Rene"]
[Black "Klinger, Josef"]
[Result "0-1"]
[WhiteElo "2250"]
[BlackElo "2475"]

1.c4 e6 2.Nf3 d5 3.cxd5 exd5 4.g3 Nf6 5.Bg2 Bd6 6.O-O O-O 7.d3 Re8 8.Re1 c6
9.Nc3 Bc5 10.d4 Bf8 11.Qc2 Bg4 12.Bg5 Nbd7 13.e4 dxe4 14.Nxe4 Be7 15.Nxf6+ Nxf6
16.Qb3 Qb6 17.Qxb6 axb6 18.Ne5 Be6 19.Bxf6 Bxf6 20.Nxc6 bxc6 21.Bxc6 Bxd4
22.Bxe8 Rxe8 23.Re2 Rc8 24.Rd2 Bf6 25.a3 h5 26.Re1 Bh3 27.Rde2 Rc5 28.Rd2 Rc4
29.Rd5 g6 30.Rd2 Kg7 31.Kh1 Rc5 32.Kg1 Rb5 33.Red1 Rb3 34.Re1 Bg5 35.Rd5 Bf5
36.Re2 Bc1  0-1

[Event "Klee mem"]
[Site "Zuerich"]
[Date "1989.??.??"]
[Round "7"]
[White "Shvidler, Eliahu"]
[Black "Kaenel, Hansjuerg"]
[Result "1-0"]
[WhiteElo "2400"]
[BlackElo "2365"]

1.c4 e6 2.Nf3 d5 3.g3 Nf6 4.Bg2 Be7 5.O-O O-O 6.d4 c6 7.Nc3 Nbd7 8.Qb3 Qb6
9.Qc2 dxc4 10.e4 Re8 11.Rd1 Qa6 12.Bg5 h6 13.Bxf6 Nxf6 14.a4 Qb6 15.Ne5 Bd7
16.Nxc4 Qc7 17.e5 Nd5 18.Ne4 Red8 19.Rac1 Rab8 20.Qd2 b5 21.axb5 Rxb5 22.Ned6 Bxd6
23.Nxd6 Rb3 24.Ne4 Rdb8 25.Rc2 Nb4 26.Rc3 Nd5 27.Rxb3 Rxb3 28.Nc5 Rb6 29.Ra1 Bc8
30.Qa5 Rxb2 31.Qxc7 Nxc7 32.Rxa7 Rb1+ 33.Bf1 Nb5 34.Ra8 Nxd4 35.Rxc8+ Kh7
36.Kg2 g6 37.Ne4  1-0

[Event "JUG-chT FL"]
[Site "Arandjelovac"]
[Date "1990.??.??"]
[Round "6"]
[White "Barlov, Dragan"]
[Black "Miljanic, Boro"]
[Result "1-0"]
[WhiteElo "2495"]
[BlackElo "2380"]

1.Nf3 e6 2.c4 d5 3.g3 c5 4.Bg2 Nc6 5.O-O Nf6 6.cxd5 exd5 7.d4 Be7 8.dxc5 Bxc5
9.Nc3 O-O 10.Na4 Be7 11.Be3 Re8 12.Rc1 Bg4 13.h3 Be6 14.Bc5 Ne4 15.Bxe7 Qxe7
16.Nd4 Bd7 17.e3 Rad8 18.Nc3 Nf6 19.Qa4 a6 20.Nxc6 Bxc6 21.Qd4 h6 22.Rfd1 Ne4
23.Ne2 Ng5 24.h4 Ne6 25.Qb6 Rd6 26.Qb4 Red8 27.Nd4 Nxd4 28.Rxd4 R6d7 29.Qxe7 Rxe7
30.e4 Red7 31.exd5 Bxd5 32.Rcd1 Bc6 33.Rxd7 Rxd7 34.Rxd7 Bxd7 35.Bxb7 a5
36.Bd5 Kf8 37.Kf1 Ke7 38.Ke2 Be8 39.Kd3 Kd6 40.Kd4 g5 41.a3 f6 42.b4 axb4
43.axb4  1-0

[Event "SWZ-ch"]
[Site "Arosa"]
[Date "1990.??.??"]
[Round "?"]
[White "Ballmann, Martin"]
[Black "Kaenel, Hansjuerg"]
[Result "0-1"]
[WhiteElo "2285"]
[BlackElo "2320"]

1.c4 e6 2.Nf3 d5 3.e3 f5 4.b3 Nf6 5.Bb2 Bd6 6.a3 O-O 7.b4 c6 8.Qb3 Nbd7 9.Nc3 Qe7
10.Be2 Kh8 11.cxd5 exd5 12.Nd4 Ne5 13.f4 Neg4 14.O-O a5 15.bxa5 Rxa5 16.Kh1 c5
17.Ndb5 c4 18.Qc2 Bc5 19.a4 Be6 20.h3 Nh6 21.Qc1 Rfa8 22.Ba3 Ne4 23.Nxe4 fxe4
24.Bxc5 Qxc5 25.Nd4 Qc8 26.Nxe6 Qxe6 27.Qb2 b6 28.Rfb1 R8a6 29.Qb4 Kg8 30.Rc1 Rc5
31.Kh2 g6 32.Ra3 Nf7 33.Rca1 Rca5 34.Re1 Qd6 35.Qxd6 Nxd6 36.Rb1 Kf7 37.Bg4 Ke7
38.Be2 Kd7 39.g4 Kc7 40.g5 Rxa4 41.Rxa4 Rxa4 42.Rb2 b5 43.Bd1 Ra7 44.Bg4 Kc6
45.h4 Kc5 46.h5 b4 47.h6 b3 48.f5 Nxf5 49.Bxf5 gxf5 50.Kg3 Kb4  0-1

[Event "Bielsko Biala op"]
[Site "Bielsko Biala"]
[Date "1990.??.??"]
[Round "3"]
[White "Hawelko, Marek"]
[Black "Seifert, Henryk"]
[Result "1-0"]
[WhiteElo "2410"]
[BlackElo "2320"]

1.c4 e6 2.Nf3 d5 3.d4 c6 4.Qc2 Nf6 5.Nbd2 Be7 6.e4 dxe4 7.Nxe4 Nbd7 8.Bd3 Nxe4
9.Bxe4 Nf6 10.Bd3 b6 11.O-O O-O 12.Bf4 c5 13.dxc5 bxc5 14.Rad1 Qb6 15.Ne5 Bb7
16.Bg5 h6 17.Bd2 Rad8 18.Bc3 Bd6 19.Qe2 Qc7 20.f4 Rfe8 21.Rd2 Nd7 22.Nxd7 Rxd7
23.Bc2 Bf8 24.Rxd7 Qxd7 25.Rd1 Qc6 26.Rd2 Bc8 27.Be4 Qb6 28.Qd1 Be7 29.Qa4 Rf8
30.Kf2 f5 31.Bf3 Kh7 32.Be5 Rd8 33.Rxd8 Bxd8 34.Qe8 Ba6 35.Qf7 Qa5  1-0

[Event "Elekes mem"]
[Site "Budapest"]
[Date "1990.??.??"]
[Round "3"]
[White "Schlosser, Philipp"]
[Black "Lukacs, Peter"]
[Result "1/2-1/2"]
[WhiteElo "2465"]
[BlackElo "2505"]

1.c4 e6 2.Nf3 d5 3.b3 Nf6 4.Bb2 Bd6 5.g3 O-O 6.Bg2 c5 7.cxd5 exd5 8.d4 Nc6
9.O-O Bg4 10.dxc5 Bxc5 11.Nc3 Re8 12.Rc1 Bf8 13.Qd3 Qd7 14.Rfd1 Rad8 15.Qb1 h6
16.Nxd5 Nxd5 17.e4 Ncb4 18.a3  1/2-1/2

[Event "Noviki-B"]
[Site "Budapest"]
[Date "1990.??.??"]
[Round "4"]
[White "Luce, Sebastien"]
[Black "Hoelzl, Franz"]
[Result "1/2-1/2"]
[WhiteElo "2395"]
[BlackElo "2390"]

1.c4 e6 2.Nf3 d5 3.g3 dxc4 4.Bg2 Nd7 5.Qa4 Rb8 6.Qxc4 b5 7.Qc2 c5 8.d3 Bb7
9.O-O Ngf6 10.a4 a6 11.Bf4 Rc8 12.axb5 axb5 13.Qb3 Bc6 14.Ne5 Bxg2 15.Kxg2 Nxe5
16.Bxe5 Qd5+ 17.Qxd5 Nxd5 18.Ra7 f6 19.Bf4 e5 20.Bd2 b4 21.Rc1 Kd8 22.e4 Nc7
23.Be3 Ne6 24.Nd2 Rc7 25.Ra8+ Rc8 26.Rxc8+ Kxc8 27.Nb3 Kb7 28.f4 Kb6 29.f5 Nd4
30.Bxd4 exd4 31.Nd2 Kb7 32.Nc4 Be7 33.Ra1 Ra8 34.Rxa8 Kxa8 35.Kf3 Kb7 36.e5 Kc6
37.Ke4 Bd8 38.exf6 gxf6 39.Kf4 Kd7 40.Kg4 Ke8 41.Kh5 Kf7 42.Kg4 Ke8 43.Nd6+ Kd7
44.Ne4 Kc6 45.b3 Kd5 46.Nd2 Be7 47.Nc4 Kc6 48.Kh5 Bf8 49.g4 Kd7 50.h4 Ke7
51.g5 Kf7 52.Nd2 Bd6 53.Ne4 Be7 54.gxf6 Bf8 55.Kg5 c4 56.dxc4 d3 57.Kf4 d2
58.Nf2 Kxf6 59.Ke4 h5 60.Nd1 Bd6 61.Ke3 Kxf5 62.Kxd2 Be7 63.Ne3+ Ke4 64.Nd5 Bxh4  1/2-1/2

[Event "Spring op"]
[Site "Budapest"]
[Date "1990.??.??"]
[Round "8"]
[White "Vakhidov, Tahir"]
[Black "Gorelov, Sergey G"]
[Result "1/2-1/2"]
[WhiteElo "2320"]
[BlackElo "2410"]

1.c4 e6 2.Nf3 d5 3.g3 dxc4 4.Qa4+ Nd7 5.Bg2 c5 6.Qxc4 b6 7.d4 Bb7 8.O-O Ngf6
9.Nc3 a6 10.dxc5 b5 11.Qd3 Nxc5 12.Qxd8+ Rxd8 13.Ne5 Bxg2 14.Kxg2 Bd6 15.Nf3 Ke7
16.h3 Rhe8 17.Be3 Ncd7 18.Rac1 Ne5 19.Bd4 Nxf3 20.Kxf3 e5  1/2-1/2

[Event "Noviki-B"]
[Site "Budapest"]
[Date "1990.??.??"]
[Round "8"]
[White "Luce, Sebastien"]
[Black "Lukacs, Peter"]
[Result "1/2-1/2"]
[WhiteElo "2395"]
[BlackElo "2505"]

1.c4 e6 2.Nf3 d5 3.g3 Nf6 4.Bg2 Be7 5.O-O O-O 6.d4 Nbd7 7.Nbd2 b6 8.Ne5 Bb7
9.Ndf3 c5 10.Bf4 cxd4 11.Qxd4 Nc5 12.Nd2 Nfe4 13.cxd5 exd5 14.Nxe4 dxe4 15.Qxd8 Rfxd8
16.Rac1 Bf6 17.Nc4 Bd5 18.b3 Ne6 19.Rfd1 Rac8 20.Be3 Be7 21.Ne5 Rxc1 22.Rxc1 f5
23.Nc6 Bxc6 24.Rxc6 Rd1+ 25.Bf1 Kf7 26.Rc1 Rd5 27.f3 Re5 28.Kf2 g5 29.Bh3 exf3
30.exf3 g4 31.Bf1 gxf3 32.Rc3 Ng5 33.Rc7 Kg6 34.h4 Ne4+ 35.Kxf3 Bc5 36.Bf4 Rd5
37.Bb5 Bd6 38.Be8+ Kf6 39.Rf7+ Ke6 40.Rxa7 Rc5 41.Bd7+ Kf6 42.Bxf5 Bxf4  1/2-1/2

[Event "Budapest"]
[Site "Budapest"]
[Date "1990.??.??"]
[Round "9"]
[White "Anic, Darko"]
[Black "Vratonjic, Slobodan"]
[Result "1/2-1/2"]
[WhiteElo "2405"]
[BlackElo "2380"]

1.Nf3 e6 2.c4 d5 3.d4 Nf6 4.Nc3 Be7 5.Bg5 O-O 6.e3 Nbd7 7.Rc1 c6 8.cxd5 exd5
9.Bd3 Re8 10.O-O Nf8  1/2-1/2

[Event "Budapest IM-A"]
[Site "Budapest"]
[Date "1990.??.??"]
[Round "11"]
[White "Bacso, Gabor"]
[Black "Nikcevic, Nebojsa"]
[Result "0-1"]
[WhiteElo "2305"]
[BlackElo "2335"]

1.c4 e6 2.Nf3 d5 3.e3 Nf6 4.b3 c5 5.Bb2 Nc6 6.cxd5 exd5 7.d3 Bd6 8.Be2 O-O
9.O-O Rb8 10.Nbd2 Re8 11.a3 b5 12.Qc2 Bf5 13.Rad1 Bf8 14.Qc1 Bg4 15.Qa1 Nd7
16.Rfe1 Qc7 17.h3 Bh5 18.Rc1 Qd6 19.Bf1 a5 20.g3 f6 21.Bg2 Nb6 22.e4 d4 23.a4 Nb4
24.Bf1 bxa4 25.bxa4 Qd7 26.Ba3 Nxa4 27.e5 Nc3 28.Bb2 Nca2 29.Rcd1 f5 30.Ba3 Nc3
31.Rc1 Bf7 32.h4 Nba2 33.Rc2 Qa4  0-1

[Event "Cannes op"]
[Site "Cannes"]
[Date "1990.??.??"]
[Round "4"]
[White "Schwartzman, Gabriel"]
[Black "Fiol, Fabrice"]
[Result "1-0"]
[WhiteElo "2300"]
[BlackElo "1970"]

1.c4 e6 2.Nf3 d5 3.g3 c5 4.Bg2 Nc6 5.O-O Nf6 6.cxd5 exd5 7.d4 Be7 8.Nc3 O-O
9.a3 Ne4 10.dxc5 Nxc3 11.bxc3 Bxc5 12.Qd3 h6 13.Rd1 Qa5 14.Rb1 a6 15.Bf4 Qxa3
16.Bc7 Ba7 17.Qxd5 Be6 18.Qd2 Qc5 19.e3 Bb8 20.Rxb7 Bxc7 21.Rxc7 Rac8 22.Rxc8 Rxc8
23.Nd4 Bg4 24.Nxc6 Bxd1 25.Qxd1 Rxc6 26.Qd8+ Kh7 27.Bxc6 Qxc6 28.Qa5 g6 29.Qb4 Qd5
30.c4 a5 31.Qa4 Qd2 32.Kf1 Qc1+ 33.Kg2 Qc3 34.Qb5 Qb4 35.Qd5 Kg7 36.c5 Qb5
37.Qd4+ Kh7 38.Qd6 a4 39.c6 Qc4 40.c7 a3 41.Qd7 a2 42.c8=Q Qxc8 43.Qxf7+ Kh8
44.Qxa2 Qc6+ 45.Kg1 Qc1+ 46.Kg2 Qc6+ 47.f3 Qf6 48.Qd2 Kg8 49.e4 h5 50.Qd5+ Kh7
51.Qd7+ Kh6 52.Qd2+ Kh7 53.Qe2 Qe6 54.h4 Kg7 55.Qd2 Qc4 56.Qb2+ Kh7 57.Kf2 Qc5+
58.Kg2 Qc4 59.Kh2 Qd3 60.Qf2 Kg7 61.e5 Qd5 62.Qe2 Qe6 63.Qb2 Kh7 64.Qe2 Kg7
65.f4 Kf8 66.Qc2 Kg8 67.Qb1 Qa6 68.Qb3+ Kg7 69.Qc2 Kg8 70.Qd2 Kh7 71.f5 gxf5
72.Qd7+ Kg8 73.Qe8+ Kg7 74.Qe7+ Kh8 75.Qf8+ Kh7 76.Qxf5+ Qg6 77.Qd7+ Kh6
78.Qc8 Qf7 79.Qc6+ Kh7 80.Qc2+ Kg7 81.Qe2 Qe8  1-0

[Event "Cannes op"]
[Site "Cannes"]
[Date "1990.??.??"]
[Round "4"]
[White "Adrian, Claude"]
[Black "Zimmermann, Walter"]
[Result "1-0"]
[WhiteElo "2255"]
[BlackElo "2040"]

1.c4 e6 2.Nf3 d5 3.d4 c6 4.g3 f5 5.Bg2 Nf6 6.O-O Bd6 7.Bf4 O-O 8.Bxd6 Qxd6
9.Nc3 Bd7 10.Ne5 Be8 11.Qc2 Nbd7 12.cxd5 exd5 13.Qxf5 g6 14.Qg5 h6 15.Qe3 Kg7
16.Rad1 Bf7 17.Nxd7 Qxd7 18.Qd2 Be6 19.Rfe1 Bh3 20.Bh1 Rae8 21.e4 dxe4 22.Nxe4 Nd5
23.Nc5 Qf7 24.Rxe8 Rxe8 25.Re1 Rxe1+ 26.Qxe1 Nf6 27.a3 h5 28.Bg2 Bf5 29.Qe5 Kh7
30.h3 b6 31.Na6 Nd7 32.Qc7 Qe6 33.Nb8 Kh6 34.Kh2 Nxb8 35.Qxb8 Qb3 36.Qh8+  1-0

[Event "Cannes op"]
[Site "Cannes"]
[Date "1990.??.??"]
[Round "7"]
[White "Adrian, Claude"]
[Black "Lukasiewicz, Grzegorz"]
[Result "0-1"]
[WhiteElo "2255"]
[BlackElo "2320"]

1.c4 e6 2.Nf3 d5 3.d4 c6 4.g3 Bd6 5.Bg2 f5 6.Bf4 Bxf4 7.gxf4 Nf6 8.O-O O-O
9.Nc3 b6 10.Ne5 Bb7 11.cxd5 exd5 12.Rc1 Qe7 13.Kh1 Nbd7 14.e3 Nxe5 15.fxe5 Ng4
16.Qf3 Ba6 17.Ne2 Qh4 18.h3 Rac8 19.Kg1 Nh6 20.Rfd1 g5 21.Rd2 Kh8 22.Qg3 Qh5
23.Bf3 Qf7 24.Kh2 Rg8 25.h4 f4 26.exf4 g4 27.Bg2 Nf5 28.Qd3 Nxh4 29.Ng3 Qxf4
30.Qe3 Qf7 31.Qh6 Nf3+ 32.Bxf3 Rg6 33.Qe3 gxf3 34.Rc3 Be2 35.Rxe2 fxe2 36.Qxe2 Rh6+
37.Kg2 Qe6 38.Kf1 Rg8 39.Ke1 Rg4 40.Rf3 Rxd4 41.Qa6 Qg4 42.Rf8+ Kg7 43.Nf5+ Kg6
44.Rg8+ Kxf5 45.Rxg4 Rxg4 46.Qc8+ Re6 47.f3 Rg6 48.Kf2 Kxe5 49.Qc7+ Kd4 50.Qxa7 c5
51.Qxh7 Kd3 52.f4 d4 53.f5 Rgf6 54.Qh3+ Kd2 55.Qg4 Kc2 56.Qf3 Re5 57.Qb3+ Kd2
58.Kg3 Rexf5 59.Kg4 Rf4+ 60.Kg5 R6f5+  0-1

[Event "Copenhagen op"]
[Site "Copenhagen"]
[Date "1990.??.??"]
[Round "4"]
[White "Plachetka, Jan"]
[Black "Muir, Andrew J"]
[Result "1/2-1/2"]
[WhiteElo "2425"]
[BlackElo "2290"]

1.c4 e6 2.Nf3 d5 3.g3 Nf6 4.Bg2 Be7 5.O-O O-O 6.b3 c5 7.Bb2 Nc6 8.e3 d4 9.exd4 cxd4
10.Re1 Re8 11.d3 Bf8 12.Ba3 Nd7 13.Qd2 a5 14.Bxf8 Kxf8 15.Na3 e5 16.Nb5 Nc5
17.Ng5 Nb4 18.Nxh7+ Kg8 19.Ng5 Ncxd3 20.Re2 Bg4 21.Re4 Bf5 22.a3 Nc5 23.axb4 Nxb3
24.Qd1 Nxa1 25.Nxf7 Kxf7 26.Qh5+ Bg6 27.Rf4+ exf4 28.Bd5+ Re6 29.Bxe6+ Kxe6
30.Qxg6+ Kd7 31.Qxg7+ Kc8 32.Qg4+ Qd7 33.Qg8+ Qd8 34.Qe6+ Qd7 35.Nd6+ Kc7
36.Nb5+ Kc8 37.Nd6+ Kc7 38.Nb5+ Kc8  1/2-1/2

[Event "Peer Gynt"]
[Site "Gausdal"]
[Date "1990.??.??"]
[Round "7"]
[White "Stefansson, Hannes"]
[Black "Vladimirov, Evgeny"]
[Result "0-1"]
[WhiteElo "2420"]
[BlackElo "2575"]

1.c4 e6 2.Nf3 d5 3.b3 Nf6 4.Bb2 Be7 5.g3 O-O 6.Bg2 c5 7.cxd5 exd5 8.O-O Nc6
9.d4 Ne4 10.Nc3 Bf6 11.Na4 Re8 12.Rc1 b6 13.dxc5 Bxb2 14.Nxb2 Nxc5 15.Nh4 Ba6
16.Qxd5 Nd4 17.Qxa8 Nxe2+ 18.Kh1 Qxa8 19.Bxa8 Nxc1 20.Rxc1 Rxa8 21.Kg2 g6
22.b4 Ne6 23.Rc2 Bb7+ 24.f3 Rd8 25.Kf2 Kg7 26.Nc4 Rd4 27.Ng2 Ng5 28.Ne1 Kf6
29.a3 Ne6 30.Nb2 Rd7 31.Na4 Nd4 32.Rd2 Ke6 33.Nc3 Rc7 34.Rd3 h5 35.h3 f5
36.Ke3 Rc4 37.Kd2 Kf6 38.Re3 Ne6 39.Rd3 Bc6 40.b5 Bb7 41.Rd7 Nc5 42.Rd6+ Kf7
43.Ne2 Ra4 44.Nd3 Bxf3 45.Nc3 Ne4+ 46.Nxe4 Bxe4 47.Ne5+ Ke7 48.Rxg6 Rxa3
49.Nc6+ Bxc6 50.bxc6 Kd8 51.Rg7 a5 52.Kc2 a4 53.g4 fxg4 54.hxg4 hxg4 55.Rxg4 Kc7
56.Rc4 b5 57.Rc5 Rb3 58.Kd2 a3 59.Rc1 Rb2+ 60.Kd3 a2  0-1

[Event "BL2-N8990"]
[Site "Germany"]
[Date "1990.??.??"]
[Round "?"]
[White "Bartelborth, Thomas"]
[Black "Steckner, Johannes"]
[Result "1/2-1/2"]
[WhiteElo "2225"]
[BlackElo "2300"]

1.c4 e6 2.Nf3 d5 3.b3 Nf6 4.g3 Be7 5.Bg2 O-O 6.O-O c5 7.Bb2 Nc6 8.e3 d4 9.exd4 cxd4
10.Re1 Re8 11.d3 Bc5 12.Ba3 Qd6 13.Bxc5 Qxc5 14.a3 a5 15.b4 Qa7 16.b5 Nb8
17.Qc1 Nbd7 18.a4 e5 19.Nbd2 b6 20.Qa3 Bb7 21.Re2 Rad8 22.Ng5 Bxg2 23.Kxg2 Qc7
24.Nge4 Re6 25.f3 h6 26.Nb3 Rc8 27.c5 Nxc5 28.Nbxc5 bxc5 29.Rc1 Nd5 30.Rxc5 Qd8
31.Kg1 Nb4 32.Qc1 Rxc5 33.Nxc5 Re7 34.Qe1 Qd5 35.Ne4 Rc7 36.Nf2 Qxf3 37.Rxe5 Nxd3
38.Nxd3 Qxd3 39.b6 Rb7 40.Rb5 Qf3 41.Rb2 d3 42.Qxa5 Qe3+ 43.Kg2 Qe4+ 44.Kh3 Qe6+
45.g4 Qe3+ 46.Kg2 Qe4+ 47.Kg3 Qe3+ 48.Kg2 Qe4+ 49.Kg3  1/2-1/2

[Event "BL2-S8990"]
[Site "Germany"]
[Date "1990.??.??"]
[Round "?"]
[White "Pribyl, Josef"]
[Black "Gabriel, Christian"]
[Result "1/2-1/2"]
[WhiteElo "2440"]
[BlackElo "2365"]

1.c4 e6 2.Nf3 d5 3.b3 Be7 4.Bb2 Bf6 5.Nc3 Ne7 6.d4 c5 7.cxd5 cxd4 8.Nxd4 Nxd5
9.e3 O-O 10.Be2 Nxc3 11.Bxc3 Nc6 12.O-O Nxd4 13.Bxd4 b6 14.Bf3 Ba6 15.Bxa8 Bxf1
16.Qxf1 Bxd4 17.Rd1 Qxa8 18.Rxd4 Rd8 19.Qd1 Rxd4 20.Qxd4 Qc8  1/2-1/2

[Event "Groningen op"]
[Site "Groningen"]
[Date "1990.??.??"]
[Round "7"]
[White "Peelen, Piet"]
[Black "Van Laatum, Gozewijn"]
[Result "1/2-1/2"]
[WhiteElo "2380"]
[BlackElo "2290"]

1.c4 e6 2.Nf3 d5 3.g3 Nf6 4.Bg2 c5 5.O-O Nc6 6.cxd5 exd5 7.d4 Be7 8.Nc3 O-O
9.Bg5 cxd4 10.Nxd4 Re8 11.Rc1 Bg4 12.h3 Be6 13.Nxe6 fxe6 14.Qb3 Qd7 15.Rfd1 Kh8
16.Qa4 Rad8 17.Be3 Bd6 18.Bf4 Bxf4 19.Qxf4 e5 20.Qh4 Qf7 21.Qa4 Rf8 22.e3 d4
23.exd4 exd4 24.Bxc6 dxc3 25.Rxd8 Rxd8 26.Qa5 Rf8 27.Bg2 cxb2 28.Rb1 Qc4  1/2-1/2

[Event "Mephisto (Women)"]
[Site "Hamburg"]
[Date "1990.??.??"]
[Round "7"]
[White "Voiska, Margarita"]
[Black "Kas Fromm, Rita"]
[Result "1/2-1/2"]
[WhiteElo "2335"]
[BlackElo "2210"]

1.c4 e6 2.Nf3 d5 3.g3 Nf6 4.Bg2 Be7 5.b3 O-O 6.Bb2 b6 7.O-O Bb7 8.e3 Nbd7
9.Qe2 c5 10.Rd1 Qc7 11.Nc3 Rac8 12.Rac1 Qb8 13.d3 Rfd8 14.e4 d4 15.Nb1 e5
16.Rf1 a6 17.Rce1 b5 18.Na3 Bc6 19.Bc1 Qc7 20.Nh4 Nb6 21.Nf5 bxc4 22.Nxc4 Nxc4
23.bxc4 Ne8 24.f4 Bf6 25.h4 Nd6 26.Nxd6 Qxd6 27.f5 Rb8 28.Bf3 Rb1 29.Ba3 Rb6
30.Rb1 Rdb8 31.Rxb6 Rxb6 32.Qd2 Be7 33.Qa5 Bd7 34.Kg2 Rb8 35.Bd1 Qb6 36.Qxb6 Rxb6
37.Bc2 f6 38.g4 h6 39.Kf3 Kf7 40.Bc1 Rb8 41.Rh1 Bc6 42.Bb3 Bd7 43.Ba3 Bc6
44.Rh2 Bd7 45.Rb2 Bc6 46.Bd1 Rxb2 47.Bxb2 Bd8  1/2-1/2

[Event "HUN-ch (Women)"]
[Site "?"]
[Date "1990.??.??"]
[Round "2"]
[White "Ivanka Budinsky, Maria"]
[Black "Kovacs Pinter, Marta"]
[Result "1/2-1/2"]
[WhiteElo "2265"]
[BlackElo "2205"]

1.c4 e6 2.Nf3 d5 3.g3 g6 4.Bg2 Bg7 5.O-O Ne7 6.d4 Nbc6 7.cxd5 exd5 8.Nc3 O-O
9.Bf4 a6 10.Ne5 Nxe5 11.Bxe5 f6 12.Bf4 Kh8 13.h4 c6 14.Qd2 Nf5 15.Rad1 Nd6
16.b3 Re8 17.f3 f5 18.Be5 Qe7  1/2-1/2

[Event "Jajce (Women)"]
[Site "Jajce"]
[Date "1990.??.??"]
[Round "11"]
[White "Alexandria, Nana"]
[Black "Maric, Mirjana"]
[Result "1/2-1/2"]
[WhiteElo "2360"]
[BlackElo "2275"]

1.c4 e6 2.Nf3 d5 3.b3 Be7 4.Bb2 Bf6 5.Nc3 Ne7 6.e3 b6 7.b4 c5 8.bxc5 bxc5
9.Qa4+ Nd7 10.cxd5 exd5 11.d4 O-O 12.Rd1 Nb6 13.Qc2 Bf5 14.Qc1 c4 15.Be2 Nc6
16.Ba3 Re8 17.O-O Be7 18.Bc5 Na5 19.Qa3 Nb7 20.Bxe7 Qxe7 21.Qxe7 Rxe7 22.Nh4 Be4
23.a4 Bc2 24.Ra1 a5 25.g4 Nd8 26.Rfc1 Bb3 27.Bd1 Bxd1 28.Rxd1 Nc6 29.g5 Rb8
30.Ng2 Rd7 31.Rab1 Nb4 32.Rd2 Nc8 33.Nf4 Ne7 34.Rdb2 Rc8 35.Kg2 Nec6 36.h4 g6
37.Nfe2 Kg7 38.Ng1 f6 39.Nf3 f5 40.Kg3 Re8 41.Ng1 Rde7 42.Nge2 Rd7 43.Nf4 Nd8
44.Rxb4 axb4 45.Rxb4 Rb7 46.Rxb7+ Nxb7 47.Nfxd5 Nd6 48.f3 h6 49.gxh6+ Kxh6
50.Kf4 Kg7 51.Nb6 Re7 52.e4 fxe4 53.fxe4 Rb7 54.a5 Ra7 55.e5 Nf5 56.d5 Rxa5
57.d6 Kf7 58.d7 Ke7 59.h5 Ng7 60.hxg6 Ne6+ 61.Ke4 Rc5 62.Ncd5+ Kd8 63.Kf5 Rc6
64.Nxc4 Ng7+ 65.Kg5 Rxc4 66.Kf6 Rc5 67.Nf4 Kxd7 68.Kxg7 Rxe5 69.Kf6 Re8 70.Nd3 Re6+
71.Kg7 Rxg6+  1/2-1/2

[Event "JUG-ch"]
[Site "Kladovo"]
[Date "1990.??.??"]
[Round "?"]
[White "Cvetkovic, Srdjan"]
[Black "Vukovic, Zdravko"]
[Result "1-0"]
[WhiteElo "2435"]
[BlackElo "2425"]

1.c4 e6 2.Nf3 d5 3.d4 Nf6 4.Nc3 Be7 5.Bg5 O-O 6.e3 Nbd7 7.Bd3 c6 8.O-O dxc4
9.Bxc4 Nd5 10.Bxe7 Qxe7 11.Ne4 N5f6 12.Ng3 c5 13.e4 Rd8 14.e5 Ng4 15.Qe2 cxd4
16.Rad1 Nb6 17.Bb3 Nh6 18.Nxd4 Bd7 19.Qe4 Ba4 20.Bxa4 Nxa4 21.Nxe6 Qxe6 22.Qxa4 Qxe5
23.b3 a6 24.Qh4 Rxd1 25.Rxd1 Re8 26.h3 Qa5 27.Kh2 Qc7 28.Qa4 Re7 29.Kg1 f6
30.Qd4 Qc6 31.Qf4 Qe8 32.Kh2 Nf7 33.Rc1 Ne5 34.Nf5 Rd7 35.Qa4 Nc6 36.Kg1 Qh5
37.Ne3 Qa5 38.Qg4 Qd8 39.Nf5 Ne5 40.Qg3 Rd1+ 41.Kh2 g6 42.Rc8  1-0

[Event "Metz op"]
[Site "Metz"]
[Date "1990.??.??"]
[Round "4"]
[White "Reschke, Stefan"]
[Black "Fecht, Hans Peter"]
[Result "0-1"]
[WhiteElo "2265"]
[BlackElo "2260"]

1.c4 e6 2.Nf3 d5 3.b3 Nf6 4.g3 b6 5.Bg2 Bb7 6.O-O Be7 7.Bb2 O-O 8.d3 c5 9.e3 dxc4
10.bxc4 Nc6 11.Qe2 Qc7 12.Nc3 Rac8 13.Rfd1 Rfd8 14.Ne1 Ne8 15.f4 Bf6 16.g4 g6
17.g5 Bg7 18.Nf3 Nd6 19.Nd2 Qe7 20.Nde4 Ne8 21.Rf1 Rd7 22.Rad1 Rcd8 23.a3 Na5
24.Ng3 Qf8 25.h4 f5 26.gxf6 Bxf6 27.Bxb7 Nxb7 28.h5 Nbd6 29.e4 Bd4+ 30.Kh2 Qh6
31.Na4 Bxb2 32.Nxb2 Nf6 33.e5 Nxh5 34.Nxh5 Nf5 35.Rg1 Ng7 36.Qg4 Rd4 37.Rdf1 Rf8
38.Qg5 Qxh5+  0-1

[Event "Moscow2"]
[Site "Moscow"]
[Date "1990.??.??"]
[Round "?"]
[White "Zlotnik, Boris A"]
[Black "Simon, Ralf Axel"]
[Result "1-0"]
[WhiteElo "2465"]
[BlackElo "2340"]

1.c4 e6 2.Nf3 d5 3.b3 d4 4.g3 c5 5.Bg2 Ne7 6.e3 Nec6 7.O-O Be7 8.exd4 Bf6
9.Bb2 Nxd4 10.Nxd4 Bxd4 11.Bxd4 Qxd4 12.Nc3 O-O 13.Qe2 Nc6 14.Bxc6 bxc6 15.Qe3 Rd8
16.Na4 Qxd2 17.Qxd2 Rxd2 18.Rfd1 Rxd1+ 19.Rxd1 Kf8 20.Rd8+ Ke7 21.Rg8 g6
22.Nxc5 a5 23.f4 Bb7 24.Rg7 Kf8 25.Rxh7 Kg8 26.Rh4 Rb8 27.g4 Bc8 28.Kf2 f6
29.g5 fxg5 30.fxg5 e5 31.Re4 Bf5 32.Rxe5 Kf7 33.Re2 Rh8 34.Kg3 Rh3+ 35.Kf4 Rh4+
36.Ke3 Rg4 37.Nb7 a4 38.Nd8+ Ke7 39.Nxc6+ Kd6 40.Nb4 Rxg5 41.Kd4 Rg4+ 42.Kc3 axb3
43.axb3 Rh4 44.Rd2+ Kc5 45.Nd3+ Kb6 46.Ne5 Kc5 47.b4+ Kb6 48.b5 Kc5 49.Rd5+ Kb6
50.Rd6+ Kc7 51.Rd2 Kb6 52.Kb4 Re4 53.Rd6+ Kc7 54.Rc6+ Kb7 55.Nf7 Rh4 56.Nd6+ Kb8
57.Nxf5 gxf5 58.Rf6  1-0

[Event "NOR-ch"]
[Site "NOR"]
[Date "1990.??.??"]
[Round "1"]
[White "Diesen, Bruce"]
[Black "Grotnes, Nils"]
[Result "1-0"]
[WhiteElo "2360"]
[BlackElo "2295"]

1.c4 e6 2.Nf3 d5 3.g3 c6 4.b3 Be7 5.Bb2 Bf6 6.Nc3 Ne7 7.Bg2 O-O 8.O-O c5
9.d3 Nbc6 10.e3 Qa5 11.Rc1 Rd8 12.Qe2 dxc4 13.dxc4 Bd7 14.h4 Nf5 15.Ng5 h6
16.Nge4 Be7 17.Ba1 Be8 18.Bh3 Nd6 19.Nxd6 Bxd6 20.f4 Bf8 21.Rfd1 Rxd1+ 22.Rxd1 Rd8
23.Bg2 Be7 24.Rxd8 Qxd8 25.Ne4 f6 26.Kh2 h5 27.Bf3 Bg6 28.Nf2 Qe8 29.a3 Na5
30.Qb2 Qd7 31.Qc3 b6 32.g4 hxg4 33.Nxg4 Bd8 34.Nf2 Nc6 35.h5 Bf7 36.Bg4 Qd6  1-0

[Event "Novi Sad ol (Men)"]
[Site "Novi Sad"]
[Date "1990.??.??"]
[Round "8"]
[White "Fauland, Alexander"]
[Black "Soppe, Guillermo"]
[Result "1/2-1/2"]
[WhiteElo "2455"]
[BlackElo "2390"]

1.c4 e6 2.Nf3 d5 3.g3 Nf6 4.Bg2 dxc4 5.O-O Nbd7 6.Qa4 c5 7.Qxc4 a6 8.Qc2 b6
9.Nc3 Bb7 10.b3 Be7 11.Bb2 O-O 12.Rac1 Rc8 13.Nd1 b5 14.Ne3 Qb6 15.d3 Rfe8
16.Qb1 Bf8 17.Qa1 Nd5 18.Ng4 f6 19.h4 e5 20.e4 Nb4 21.Ne1 Rcd8 22.Ne3 Nb8
23.Qb1 N4c6 24.Nd5 Qa7 25.Nc2 Nd4 26.Rfe1 Nxc2 27.Qxc2 Nc6 28.Bc3 Bc8 29.Kh2 Be6
30.f4 exf4 31.Nxf4 Bf7 32.Qf2 Ne5 33.Bxe5 Rxe5 34.b4 Rd4 35.bxc5 Bxc5 36.Qc2 Rd8
37.Nd5 Bxd5 38.exd5 Rxe1 39.Rxe1 Bd6 40.Re6 Qb8 41.Qf2 f5 42.Qxf5 Bxg3+ 43.Kh3 Rf8
44.Qg4 Bd6 45.Be4 Qb6 46.d4 Qc7 47.Bd3 Qf7 48.Rxd6 Qf3+ 49.Qxf3 Rxf3+ 50.Kg4 Rxd3
51.Kf5 Rxd4 52.Ke6 Re4+ 53.Kd7 Kf7 54.h5 Ra4 55.Rb6 Rxa2 56.d6 Rd2 57.Rxa6 g5
58.Ra5 b4 59.Rf5+ Kg7 60.Rxg5+ Kh6 61.Rb5  1/2-1/2

[Event "Novi Sad ol (Men)"]
[Site "Novi Sad"]
[Date "1990.??.??"]
[Round "10"]
[White "Fernandez, A."]
[Black "Gonzales, Eliseo"]
[Result "1/2-1/2"]
[WhiteElo "2345"]
[BlackElo "2255"]

1.c4 e6 2.Nf3 d5 3.d4 Nf6 4.Bg5 dxc4 5.Qa4+ Nbd7 6.Qxc4 Be7 7.e3 O-O 8.Nc3 a6
9.b4 b6 10.Be2 c5 11.bxc5 bxc5 12.dxc5 Nxc5 13.Bxf6 gxf6 14.O-O Bb7 15.Rfd1 Qa5
16.Rac1 Rad8 17.Qg4+ Kh8 18.Rxd8 Rxd8 19.Qh5 Nb3 20.Qxa5 Nxa5 21.Nd4 Rc8
22.Bd3 f5 23.Nce2 Rxc1+ 24.Nxc1 Kg7 25.f4 Bc5 26.Kf2 Bxd4 27.exd4 Nc6 28.Ke3 Nb4
29.g3 Bd5 30.a3 Nxd3 31.Nxd3 Kf6 32.Nb4 Bc4 33.Kd2 Bb5 34.Kc3 Ke7 35.d5 a5
36.Nc2 Kd6 37.Kd4 Ba4 38.Ne3 Bb3 39.dxe6 fxe6 40.h3 Ba2 41.g4 fxg4 42.hxg4 a4
43.Nc4+ Kc6 44.Ne5+ Kd6 45.Nf7+ Ke7 46.Ng5 h6 47.Nf3 Kf6 48.Ne5 Bb3 49.Nd7+ Ke7  1/2-1/2

[Event "Novi Sad ol (Men)"]
[Site "Novi Sad"]
[Date "1990.??.??"]
[Round "13"]
[White "Landenbergue, Claude"]
[Black "Santos, Carlos P"]
[Result "1/2-1/2"]
[WhiteElo "2380"]
[BlackElo "2355"]

1.c4 e6 2.Nf3 d5 3.g3 c6 4.Qc2 Nf6 5.d4 Nbd7 6.Bg2 Bd6 7.Nbd2 O-O 8.O-O b5
9.e4 dxe4 10.Nxe4 Nxe4 11.Qxe4 bxc4 12.Ng5 Nf6 13.Qxc6 Rb8 14.Qxc4 Qb6 15.Rd1 Ba6
16.Qc6 Qxc6 17.Bxc6 Rfc8 18.Bf3 Nd5 19.Ne4 Be7 20.b3 Bb7 21.Bb2 Rc2 22.Rab1 Nb4
23.a3 f5 24.axb4 fxe4 25.Bg4 Bd5 26.Bc1 Bxb4 27.Be3 Rbc8 28.Rdc1 Rxc1+ 29.Bxc1 a5
30.Bd1 Kf7 31.Be3 Ke7 32.Rc1 Rxc1 33.Bxc1 Bc3 34.Kf1 Kd6 35.Ke2 Bxd4 36.Bd2 Bb6
37.b4 Bc4+ 38.Ke1 axb4 39.Bxb4+ Bc5 40.Bd2 Kd5 41.Bc2 Bd4 42.Bd1 Bf6 43.Bc2 Bd4
44.Bd1 Bd3 45.Bb3+ Bc4  1/2-1/2